| 000 | 01866nam a2200241 4500 | ||
|---|---|---|---|
| 005 | 20160418093731.0 | ||
| 008 | 160418s1917 it |||fr|||| 001 0 lat d | ||
| 040 |
_aCO-BoUCM _bspa _cSandra Yazo _dSandra Yazo |
||
| 041 | 0 | _alat | |
| 082 | 0 | 4 |
_220 _a262.91 |
| 092 | _aE39N034 | ||
| 100 | 1 |
_aPío X, Papa, Santo _976665 |
|
| 242 | 0 | 0 |
_aCódigo de Derecho Canónico _celaborado por mandato de Pío X, Pontífice Máximo y promulgado con la autoridad del Papa Benedicto XV _yspa |
| 245 | 1 | 0 |
_aCodex Iuris Canonici _cPii X Pontificis Maximi iussu digestus. Benedicti Papae XV auctoritate promulgatus |
| 260 |
_aRomae (Roma) Italia _bTypis Polyglottis Vaticanis [Imprenta políglota Vaticana] _c1917 |
||
| 300 |
_axxxii, 870 páginas _c20 x 13 cm. |
||
| 500 | _aDetalles físicos: Encuadernación rígida (holandesa con esquinas) en cartón forrado en tela texturizada. Lomo y esquinas en cuero, lomo con tejuelos, adornos en dorado. Guardas. Hoja de cortesía. Portada impresa en rojo y negro, donde se repite el escudo papal de Benedicto XV. Texto impreso en una sola columna. Índices. Lomo y tapas con restos de cinta pegante | ||
| 505 | 0 | _aConstitución Apostólica Providentissima Mater Ecclesia ; Profesión de fe católica ; Libro 1 - 5: Normas Generales -- Las personas: los clérigos, los religiosos, los laicos -- Las cosas: Los Sacramentos ; Lugares y tiempos sagrados ; El culto divino ; El magisterio de la Iglesia ; Los beneficios y otras instituciones eclesiásticas ; Los bienes temporales de la Iglesia -- Sobre los procesos ; Los juicios ; Las causas de beatificación de los Siervos de Dios y de canonización de los Beatos -- Los delitos y las penas ; Anexo de Documentos Pontificios | |
| 506 | _aConsulta en sala | ||
| 650 | 7 |
_912710 _aDerecho canónico |
|
| 690 |
_aDerecho canónico _912710 |
||
| 942 |
_2LOCAL _cLIBRO _e1 _hE39N034 |
||
| 999 |
_c303239 _d303239 |
||